000 01016nam a2200265 i 4500
001 9454
003 ES-MaACL
005 20230906145656.0
008 930909s1992 sp ||||1| spa d
020 _a84-00-07279-0
080 _a92 Dalí, Salvador
080 _a92 Bello Lasierra, José
080 _a371.87(464.1)Resid. Estudiantes
080 _a378.18(464.1)Resid. Estudiantes
100 1 _aSantos Torroella, Rafael.
_9103536
245 1 0 _aDalí residente /
_cRafael Santos Torroella.
260 _a[Madrid] :
_bConsejo Superior de Investigaciones Científicas :
_bAsociación Amigos de la Residencia de Estudiantes,
_cD.L. 1992.
300 _a249 p. :
_bil. ;
_c25 cm.
600 1 4 _aDalí, Salvador.
_942483
600 1 4 _aBello Lasierra, José.
_927243
610 2 _aResidencia de Estudiantes (Madrid)
_96437
710 2 _aConsejo Superior de Investigaciones Científicas (España)
_93236
710 2 _aResidencia de Estudiantes (Madrid).
_bAsociación de Amigos.
_96438
852 _aES-MaACL
_jL-16790
999 _c9454
_d9454